MDQL
is popping MORE tags! Check the
thread
!
Quizzes
Events
Quiz Creation
Community
Videos
Private Events
Remove Ads
Sign In
Join for FREE
Feedback
Dark Mode
Quiz Categories
Sports
Geography
Music
Movies
Television
Just For Fun
Miscellaneous
History
Literature
Language
Science
Gaming
Entertainment
Religion
Holiday
For Kids
Quiz Lab
Recent
Popular Today
Quiz Kudos Today
Editor Picks
Curator Picks
Quizzes by...
Day
Popularity
Type
Ratings
Length
Year
Community
Subscriptions
Recent Discussions
Orange Saloon
Badges
Playlists
Quests
Create
Leaderboards
Showdown
Live 5
Trivia Bingo
Activity
Puzzle Library
Sporcle Events
Private Events
Virtual Trivia
Globe League
Become a Host
Pub Owners
SporcleCon
Opinionation
Our Games
Videos
Blog
Mobile Apps
Partnerships
Remove Ads and Go Orange
Feedback
Music
Pop Music
The Beatles
Song
Album
Lyrics
Bands
Singers
Artist
Clip
Rock
Rap
Classical
Billboard
Country Music
Kpop
Taylor Swift
Music
Pop Music
The Beatles
Song
Album
Lyrics
Bands
Singers
Artist
Clip
Rock
Rap
Classical
Billboard
Country Music
Kpop
Taylor Swift
Random Quiz
Search Sporcle
×
Quiz Lab
Quiz Lab
Music
Summer
Type in answers that appear in a list
Type in answers that appear in a list
Classic
Best Score? Go Orange.
5 Seconds of Summer Quiz Stats
Can you complete the 5 Seconds of Summer Quiz
By
janiebean77
6m
35 Questions
1,005 Plays
1,005 Plays
1,005 Plays
Comments
Comments
Give Quiz Kudos
Give Quiz Kudos
-
- Ratings
hide this ad
Random Order
Randomize order of answers
Randomize order of answers
Replay
Link that replays current quiz
Next Quiz
Link to next quiz in quiz playlist
You Got
0%
They Got
Avg Score
55%
Avg Friend Score
Upgrade to see
Score Distribution
Jump to the score distribution portion of the page
Score
0/35
Timer
06:00
0
Plays Today
Hint
Answer
% Correct
Lead Singer
Luke Hemmings
98.9%
Drummer
Ashton Irwin
98.1%
Guitarist
Michael Clifford
92.2%
Bassist
Calum Hood
91.8%
City where they originated
Sydney
81.8%
Luke's fave animal
Penguin
74.7%
Michael's natural hair color is..
Blonde
69.5%
Calum's celeb crush is
Katy Perry
69.5%
Michael's celeb crush
Ariana Grande
68%
Calum's fave color is
Baby Blue
65.6%
Ashton's fave color is
Red
61.9%
Luke's mother
Elizabeth
61.2%
Calum's half kiwi and half what?
Scottish
59.1%
Luke's fave TV show
How I Met Your Mother
57.7%
Ashton's brother and sister are named?
Harry and Lauren
53.9%
Calum's sister is named..
Mali Koa
52.9%
Michael's Birthday
November 20th, 1995
52.5%
Luke's Birthday
July 16th, 1996
51.1%
Hint
Answer
% Correct
Calum's Birthday
January 25th, 1996
50%
Ashton's Birthday
July 7th, 1994
49.7%
Luke's two brothers
Jack and Ben
48.4%
Michael's fave word is..
Cheeseburger
46.3%
Calum's mother
Joy
46.1%
Michael's arm tattoo says what?
To the moon
45.6%
Ashton's half Australian and half what?
American
44.9%
Michael's mother
Karen
42.4%
Name of new headlining tour?
Rock out with Your Socks Out
42.2%
Ashton's fave food is
Spaghetti
42.1%
Two bands they've toured with?
Hot Chelle Rae and One Direction
42%
Ashton's mother
Anne Marie
39.3%
Ashton's celeb crush is
Hayley Williams
38.4%
Michael's fave cartoon
Dragonballz
37.8%
Luke's fave movie
Anchorman
31.2%
Calum's fave food
Pasta
22.4%
Luke's fave singer
Josh Ramsey
15.4%
Quiz Playlist
Details
Report
Send in Message
Add To Playlist
Classic:
Type in answers that appear in a list
Random Order:
Randomize order of answers
Last Updated: Feb 16, 2017
Quiz Scoreboard
CHALLENGE
Sign Up to Join the Scoreboard
Show All
Scores
Hide
Comments
May contain spoilers
Recently Published
1-10 Letter E Words III
by El_Dandy
Language
2m
Street Fighter Characters
by Artimus82
Gaming
60s
College Basketball Coaching Resumes
by pancakes188
Sports
9m
More to Explore
Quiz From the Vault
Featured Blog Post
Where Did the Easter Bunny Come From?
hide this ad
You Might Also Like...
Tags
5 Seconds of Summer
second
Summer
Today's Top Quizzes in Music
Browse Music
hide this ad
Today's Top Quizzes in Summer
Browse Summer
Top Contributed Quizzes in Music
1
Taylor Swift All Songs (2024)
2
Taylor Swift Logic Puzzle
3
Guess the Artist- 70s Songs
4
7-to-1: Billboard Hot 100 #1 Hits of 2010s
5
Sorting Albums and Songs
6
KPOP LOGIC QUIZ
7
Billboard Blitz: Aretha Franklin
8
Guess the Taylor Swift song (Mystery Song)
9
Guess The Taylor Swift Lyrics Song #1
10
Billboard Blitz: ABBA
Explore More
Trending Topics
Harry Potter
NBA
Marvel
Anime
Crossword
Kpop
Disney
NFL
The Office
Country
Pokémon
Soccer
Puzzle
WWE
Song
hide this ad
More By:
janiebean77
Quiz
Plays
Rating
Category
Featured
Created
5 Seconds of Summer Quiz
1,005
5.00
Music
Jul 24, 2014
Go to Creator's Profile
Score Distribution
Quiz Creator Spotlight
janiebean77
Follow
Send a Message
Quizzes Created
-
Created Quiz Play Count
-
More By This Creator
Popular Quizzes Today
1
Find the US States - No Outlines Minefield
2
Find the Countries of Europe - No Outlines Minefield
3
The Countries of the World
4
Find the US States
5
Risky Map Clicking: Biggest States A-Z
6
US States
7
Popular People in 1961
8
Movies - When Are They Set?
More Music Quizzes
Complete The Beatles album titles
Quiz Lab
Trending Quizzes
Risky Map Clicking: Least Populous States A-Z
1-10 Letter G Words
USA Borders Longest to Shortest
1-10 Letter F Words
Countries of the World: 200 Million BC
Recently Updated
Leaping Animals
pecheneg
Reality TV Shows (A-Z)
bhenderson79
Rickey Henderson's Hall of Fame Teammates
pecheneg
Champions League XIs: Arsenal
pecheneg
Quick Pick: Celebrities in WWE's Hall of Fame
aduchscher
A-Z Keypad Blitz II
pecheneg
Multiple Oscar Actors
pecheneg
Mystery Phrase Blitz: Oscar 'Best Actors'
pecheneg
F. Scott Fitzgerald Novels
LTH
Pick 3 Villains
ddd62291
Trending Topics
Harry Potter
Marvel
Kpop
Anime
Crossword
NBA
Disney
WWE
NFL
Song
The Office
Puzzle
Pokémon
Soccer
Country
Your Account Isn't Verified!
In order to create a playlist on Sporcle, you need to verify the email address you used during registration. Go to your
Sporcle Settings
to finish the process.
Report this User
Report this user for behavior that violates our
Community Guidelines
.
Details:
Send Report
Go to the Sporcle.com Mobile Site →
Comments